<?xml version="1.0" encoding="UTF-8"?>
<marc:record xmlns:marc="http://www.loc.gov/MARC21/slim">
   <marc:leader>00000nam a2200000 a 4500</marc:leader>
   <marc:datafield ind1="1" ind2=" " tag="100">
      <marc:subfield code="a">Plate, Frank</marc:subfield>
      <marc:subfield code="4">aut</marc:subfield>
      <marc:subfield code="e">Verfasser/-in</marc:subfield>
   </marc:datafield>
   <marc:datafield ind1="1" ind2=" " tag="100">
      <marc:subfield code="a">Lindner, David</marc:subfield>
      <marc:subfield code="4">aut</marc:subfield>
      <marc:subfield code="e">Verfasser/-in</marc:subfield>
   </marc:datafield>
   <marc:datafield ind1="1" ind2=" " tag="100">
      <marc:subfield code="a">Prosic-Götte, Zoran</marc:subfield>
      <marc:subfield code="4">aut</marc:subfield>
      <marc:subfield code="e">Verfasser/-in</marc:subfield>
   </marc:datafield>
   <marc:datafield ind1=" " ind2=" " tag="653">
      <marc:subfield code="a">Klangtherapie</marc:subfield>
   </marc:datafield>
   <marc:datafield ind1=" " ind2=" " tag="653">
      <marc:subfield code="a">Massage</marc:subfield>
   </marc:datafield>
   <marc:datafield ind1=" " ind2=" " tag="653">
      <marc:subfield code="a">Softcover</marc:subfield>
   </marc:datafield>
   <marc:datafield ind1=" " ind2=" " tag="653">
      <marc:subfield code="a">Karte</marc:subfield>
   </marc:datafield>
   <marc:datafield ind1="0" ind2="0" tag="245">
      <marc:subfield code="a">Praxisbuch Klangmassage</marc:subfield>
   </marc:datafield>
   <marc:datafield ind1="0" ind2="0" tag="245">
      <marc:subfield code="b">Klangmassage mit Klangschalen Schritt für Schritt erlernen und umsetzen ; [das professionelle Arbeitsbuch für Klangmasseure, Therapeuten, Heiler und Musiker</marc:subfield>
   </marc:datafield>
   <marc:datafield ind1="0" ind2="0" tag="245">
      <marc:subfield code="c">Frank Plate ; David Lindner ; Zoran Prosic-Götte</marc:subfield>
   </marc:datafield>
   <marc:datafield ind1=" " ind2="1" tag="264">
      <marc:subfield code="a">Schönau</marc:subfield>
      <marc:subfield code="b">Traumzeit-Verl.</marc:subfield>
      <marc:subfield code="c">2003</marc:subfield>
   </marc:datafield>
   <marc:datafield ind1="1" ind2=" " tag="520">
      <marc:subfield code="a">Klangmassage mit Klangschalen Schritt für Schritt erlernen und umsetzen. Dieses umfassende Werk des Bestsellerautoren und Klangforschers David Lindner und einer der bekanntesten Klangschalen-Klangmassagespezialisten Frank Plate führt in einer überaus detailierten wie praxisnahen Anleitung in die Umsetzung einer Klangmassage mit Klangschalen ein. Das Praxisbuch bietet den umfassendsten Einblick in das Spektrum der Klangschalen, ihrer Wirkungsweisen und Verwendungsmöglichkeiten. Ein Sonderteil informiert praktisch einsetzbar über Planetentöne und ihre Wirkung sowie Kombinationsmöglichkeiten verschiedener Planetenklänge. Mit diesem Buch lernt der Laie Klangschalen professionell zu nutzen und zum Wohle anderer Menschen einzusetzen oder in Selbstanwendung ihre Potential auszuspielen. Professionelle Therapeuten können aus diesem Werk noch reichlich Tipps für ihre Arbeit finden. So wendet sich dieses im ersten Fachverlag für Klangschalen, Didgeridoo und Gongs publizierte Buch an Anfänger wie Profis, die ihr Wissen und Können zum Thema erweitern und verfeinern wollen.</marc:subfield>
   </marc:datafield>
   <marc:datafield ind1=" " ind2=" " tag="020">
      <marc:subfield code="a">9783933825377</marc:subfield>
      <marc:subfield code="9">9783933825377</marc:subfield>
   </marc:datafield>
   <marc:datafield ind1=" " ind2=" " tag="020">
      <marc:subfield code="a">3933825377</marc:subfield>
      <marc:subfield code="9">3933825377</marc:subfield>
   </marc:datafield>
   <marc:datafield ind1=" " ind2=" " tag="041">
      <marc:subfield code="a">ger</marc:subfield>
   </marc:datafield>
   <marc:datafield ind1=" " ind2=" " tag="300">
      <marc:subfield code="a">156 S.</marc:subfield>
   </marc:datafield>
</marc:record>
